AV-információhordozók a megtanítási rendszerben /Kémia 7. osztály/

Elmentve itt :
Bibliográfiai részletek
Szerző: Balogh Lászlóné
További közreműködők: Nagy József (Témavezető)
Dokumentumtípus: Disszertáció
Megjelent: 1986
Tárgyszavak:
Online Access:http://doktori.ek.szte.hu/3816
LEADER 00646nta a2200181 i 4500
001 dokt3816
005 20240903112348.0
008 170215s1986 hu om 000 hun d
040 |a SZTE Doktori Repozitórium  |b hun 
041 |a hun 
100 1 |a Balogh Lászlóné 
245 1 0 |a AV-információhordozók a megtanítási rendszerben /Kémia 7. osztály/  |h [elektronikus dokumentum] /  |c  Balogh Lászlóné 
260 |c 1986 
502 |a Disszertacio 
650 4 |a neveléstudományok 
650 4 |a Oktatástudomány 
700 0 1 |a Nagy József  |e ths 
856 4 0 |u https://doktori.bibl.u-szeged.hu/id/eprint/3816/1/1986_baloghne_zabo_magdolna.pdf  |z Dokumentum-elérés